000 00657nam a2200277Ia 4500
005 20260324135324.0
008 008 260324s9999 xx 000 0 eng d
020 _a9780203982259
037 _aEBOOK
040 _aCRL
040 _beng
040 _cCRL
041 _2eng
041 _aeng
084 _qCRL
100 _aNicolai J. Foss; Paul L. Robertson
_91200172
245 0 _aResources, Technology and Strategy
260 _bTaylor and Francis
260 _c2000
365 _a
365 _b290
856 _uhttp://www.taylorfrancis.com/books/9780203982259
942 _cEBOOK
999 _c1801102
_d1801102